<?xml version="1.0" encoding="UTF-8"?>
<collection xmlns="http://www.loc.gov/MARC21/slim">
<record>
  <controlfield tag="001">5594</controlfield>
  <datafield tag="088" ind1=" " ind2=" ">
    <subfield code="a">4072</subfield>
  </datafield>
  <datafield tag="520" ind1=" " ind2=" ">
    <subfield code="a">Thompson and West - Pg. 56 - Residence of G. N. Daniels - Denverton, Solano Co., CA</subfield>
  </datafield>
  <datafield tag="980" ind1=" " ind2=" ">
    <subfield code="a">43905848739</subfield>
  </datafield>
  <datafield tag="960" ind1=" " ind2=" ">
    <subfield code="a">hc</subfield>
  </datafield>
</record>
</collection>